| 000 | 00398nam a2200145Ia 4500 | ||
|---|---|---|---|
| 008 | 240729s9999 xx 000 0 und d | ||
| 022 | _a2288-6761 | ||
| 245 | 0 | _aJournal of Menopausal Medicine | |
| 260 | _aKorea, Republic of | ||
| 260 | _bKorean Society of Menopause | ||
| 650 | _aMedicine | ||
| 856 | _uhttps://doaj.org/toc/842d07f51aee4a76a532a57b5d8033c8 | ||
| 942 | _2ddc | ||
| 942 | _cDOAJEJ | ||
| 999 |
_c66852 _d66852 |
||
| 945 |
_a1 _bMadushi Gamage _c1 _dMadushi Gamage |
||